<?xml version="1.0" encoding="UTF-8"?>
<record
    xmlns:xsi="http://www.w3.org/2001/XMLSchema-instance"
    xsi:schemaLocation="http://www.loc.gov/MARC21/slim http://www.loc.gov/standards/marcxml/schema/MARC21slim.xsd"
    xmlns="http://www.loc.gov/MARC21/slim">

  <leader>02927cam a2200745   4500</leader>
  <datafield tag="999" ind1=" " ind2=" ">
    <subfield code="c">23379</subfield>
    <subfield code="d">23379</subfield>
  </datafield>
  <controlfield tag="001">vtls011877575</controlfield>
  <controlfield tag="005">20221006111435.0</controlfield>
  <controlfield tag="008">210701s2019    xo he  gr     000 faslo  </controlfield>
  <datafield tag="020" ind1=" " ind2=" ">
    <subfield code="a">9788056902301</subfield>
    <subfield code="q">(viazan&#xE9;)</subfield>
  </datafield>
  <datafield tag="035" ind1=" " ind2=" ">
    <subfield code="a">urn:nbn:sk:snk-am00ffm9</subfield>
  </datafield>
  <datafield tag="035" ind1=" " ind2=" ">
    <subfield code="a">urn:nbn:sk:snk-am3irzu</subfield>
  </datafield>
  <datafield tag="035" ind1=" " ind2=" ">
    <subfield code="a">578E38D6-2583-4EFE-B908-0B87C5A0164A</subfield>
  </datafield>
  <datafield tag="040" ind1=" " ind2=" ">
    <subfield code="a">SVKPO</subfield>
    <subfield code="b">slo</subfield>
    <subfield code="c">SVKPO</subfield>
    <subfield code="d">SNK</subfield>
    <subfield code="e">rda</subfield>
  </datafield>
  <datafield tag="041" ind1="1" ind2=" ">
    <subfield code="a">slo</subfield>
    <subfield code="h">ger</subfield>
  </datafield>
  <datafield tag="044" ind1=" " ind2=" ">
    <subfield code="a">xo</subfield>
    <subfield code="c">SK</subfield>
  </datafield>
  <datafield tag="072" ind1=" " ind2="7">
    <subfield code="a">343.8</subfield>
    <subfield code="x">V&#xE4;zenstvo</subfield>
    <subfield code="2">konspekt</subfield>
  </datafield>
  <datafield tag="072" ind1=" " ind2="7">
    <subfield code="a">929</subfield>
    <subfield code="x">Biografie</subfield>
    <subfield code="2">konspekt</subfield>
  </datafield>
  <datafield tag="080" ind1=" " ind2=" ">
    <subfield code="a">343.819.5</subfield>
    <subfield code="2">2011</subfield>
  </datafield>
  <datafield tag="080" ind1=" " ind2=" ">
    <subfield code="a">323.12"1939/1945"</subfield>
    <subfield code="2">2011</subfield>
  </datafield>
  <datafield tag="080" ind1=" " ind2=" ">
    <subfield code="a">323.28:329.17</subfield>
    <subfield code="2">2011</subfield>
  </datafield>
  <datafield tag="080" ind1=" " ind2=" ">
    <subfield code="a">94(100)"1939/1945"</subfield>
    <subfield code="2">2011</subfield>
  </datafield>
  <datafield tag="080" ind1=" " ind2=" ">
    <subfield code="a">(=411.16)</subfield>
    <subfield code="2">2011</subfield>
  </datafield>
  <datafield tag="080" ind1=" " ind2=" ">
    <subfield code="a">(438)</subfield>
    <subfield code="2">2011</subfield>
  </datafield>
  <datafield tag="080" ind1=" " ind2=" ">
    <subfield code="a">(437.6)</subfield>
    <subfield code="2">2011</subfield>
  </datafield>
  <datafield tag="080" ind1=" " ind2=" ">
    <subfield code="a">(0:82-94)</subfield>
    <subfield code="2">2011</subfield>
  </datafield>
  <datafield tag="100" ind1="1" ind2=" ">
    <subfield code="a">M&#xFC;ller, Filip,</subfield>
    <subfield code="d">1922-2013</subfield>
    <subfield code="4">aut</subfield>
    <subfield code="9">3559</subfield>
  </datafield>
  <datafield tag="240" ind1="1" ind2="0">
    <subfield code="a">Sonderbehandlung Drei Jahre in den Krematorien und Gaskommern von Auschwitz</subfield>
    <subfield code="l">Slovensky</subfield>
  </datafield>
  <datafield tag="245" ind1="1" ind2="0">
    <subfield code="a">Sonderbehandlung, alebo, Zvl&#xE1;&#x161;tne zaobch&#xE1;dzanie</subfield>
    <subfield code="b">tri roky v osvien&#x10D;imsk&#xFD;ch kremat&#xF3;ri&#xE1;ch a plynov&#xFD;ch komor&#xE1;ch</subfield>
    <subfield code="c">Filip M&#xFC;ller ; z nemeck&#xE9;ho origin&#xE1;lu Sonderbehandlung, Drei Jahre in den Krematorien und Gaskammern von Auschwitz ... prelo&#x17E;ila Marta Li&#x10D;kov&#xE1;</subfield>
  </datafield>
  <datafield tag="246" ind1="3" ind2="0">
    <subfield code="a">Zvl&#xE1;&#x161;tne zaobch&#xE1;dzanie</subfield>
  </datafield>
  <datafield tag="246" ind1="3" ind2="0">
    <subfield code="a">Tri roky v osvien&#x10D;imsk&#xFD;ch kremat&#xF3;ri&#xE1;ch a plynov&#xFD;ch komor&#xE1;ch</subfield>
  </datafield>
  <datafield tag="250" ind1=" " ind2=" ">
    <subfield code="a">1. vydanie</subfield>
  </datafield>
  <datafield tag="264" ind1=" " ind2="1">
    <subfield code="a">Bratislava</subfield>
    <subfield code="b">Maren&#x10D;in PT</subfield>
    <subfield code="c">2019</subfield>
  </datafield>
  <datafield tag="300" ind1=" " ind2=" ">
    <subfield code="a">244 str&#xE1;n</subfield>
    <subfield code="b">faksimile, pl&#xE1;ny</subfield>
    <subfield code="c">21 cm</subfield>
  </datafield>
  <datafield tag="336" ind1=" " ind2=" ">
    <subfield code="a">text</subfield>
    <subfield code="b">txt</subfield>
    <subfield code="2">rdacontent</subfield>
  </datafield>
  <datafield tag="337" ind1=" " ind2=" ">
    <subfield code="a">bez m&#xE9;dia</subfield>
    <subfield code="b">n</subfield>
    <subfield code="2">rdamedia</subfield>
  </datafield>
  <datafield tag="338" ind1=" " ind2=" ">
    <subfield code="a">zv&#xE4;zok</subfield>
    <subfield code="b">nc</subfield>
    <subfield code="2">rdacarrier</subfield>
  </datafield>
  <datafield tag="500" ind1=" " ind2=" ">
    <subfield code="a">Obsahuje biografick&#xE9; &#xFA;daje o autorovi na z&#xE1;lo&#x17E;ke prebalu publik&#xE1;cie</subfield>
  </datafield>
  <datafield tag="600" ind1="1" ind2="7">
    <subfield code="a">M&#xFC;ller, Filip,</subfield>
    <subfield code="d">1922-2013</subfield>
    <subfield code="2">SNKMA</subfield>
    <subfield code="9">3559</subfield>
  </datafield>
  <datafield tag="610" ind1="2" ind2="7">
    <subfield code="a">Osvien&#x10D;im (koncentra&#x10D;n&#xFD; t&#xE1;bor)</subfield>
    <subfield code="2">SNKKA</subfield>
    <subfield code="9">2168</subfield>
  </datafield>
  <datafield tag="610" ind1="2" ind2="7">
    <subfield code="a">Sonderkommando</subfield>
    <subfield code="2">SNKKA</subfield>
    <subfield code="9">3560</subfield>
  </datafield>
  <datafield tag="610" ind1="2" ind2="7">
    <subfield code="a">Brezinka (koncentra&#x10D;n&#xFD; t&#xE1;bor)</subfield>
    <subfield code="2">SNKKA</subfield>
    <subfield code="9">3561</subfield>
  </datafield>
  <datafield tag="648" ind1=" " ind2="7">
    <subfield code="a">1939-1945</subfield>
    <subfield code="2">SNKPH</subfield>
    <subfield code="9">2019</subfield>
  </datafield>
  <datafield tag="650" ind1="0" ind2="7">
    <subfield code="a">koncentra&#x10D;n&#xE9; t&#xE1;bory</subfield>
    <subfield code="2">SNKPH</subfield>
    <subfield code="9">1734</subfield>
  </datafield>
  <datafield tag="650" ind1="0" ind2="7">
    <subfield code="a">holokaust (1939-1945)</subfield>
    <subfield code="2">SNKPH</subfield>
    <subfield code="9">1733</subfield>
  </datafield>
  <datafield tag="650" ind1="0" ind2="7">
    <subfield code="a">nacistick&#xE9; zlo&#x10D;iny</subfield>
    <subfield code="2">SNKPH</subfield>
    <subfield code="9">2558</subfield>
  </datafield>
  <datafield tag="650" ind1="0" ind2="7">
    <subfield code="a">druh&#xE1; svetov&#xE1; vojna (1939-1945)</subfield>
    <subfield code="2">SNKPH</subfield>
    <subfield code="9">1735</subfield>
  </datafield>
  <datafield tag="650" ind1="0" ind2="7">
    <subfield code="a">&#x17D;idia</subfield>
    <subfield code="2">SNKPH</subfield>
    <subfield code="9">1732</subfield>
  </datafield>
  <datafield tag="650" ind1="0" ind2="7">
    <subfield code="a">Concentration camps</subfield>
    <subfield code="2">SNKPHeng</subfield>
    <subfield code="9">1739</subfield>
  </datafield>
  <datafield tag="650" ind1="0" ind2="7">
    <subfield code="a">Holocaust, 1939-1945</subfield>
    <subfield code="2">SNKPHeng</subfield>
    <subfield code="9">1738</subfield>
  </datafield>
  <datafield tag="650" ind1="0" ind2="7">
    <subfield code="a">Crimes of nazism</subfield>
    <subfield code="2">SNKPHeng</subfield>
    <subfield code="9">2559</subfield>
  </datafield>
  <datafield tag="650" ind1="0" ind2="7">
    <subfield code="a">World War (1939-1945)</subfield>
    <subfield code="2">SNKPHeng</subfield>
    <subfield code="9">1740</subfield>
  </datafield>
  <datafield tag="650" ind1="0" ind2="7">
    <subfield code="a">Jews</subfield>
    <subfield code="2">SNKPHeng</subfield>
    <subfield code="9">1737</subfield>
  </datafield>
  <datafield tag="651" ind1=" " ind2="7">
    <subfield code="a">Po&#x13E;sko</subfield>
    <subfield code="2">SNKPHgeo</subfield>
    <subfield code="9">1754</subfield>
  </datafield>
  <datafield tag="651" ind1=" " ind2="7">
    <subfield code="a">Poland</subfield>
    <subfield code="2">SNKPH</subfield>
    <subfield code="9">1755</subfield>
  </datafield>
  <datafield tag="651" ind1=" " ind2="7">
    <subfield code="a">Slovensko</subfield>
    <subfield code="2">SNKPHgeo</subfield>
    <subfield code="9">1613</subfield>
  </datafield>
  <datafield tag="651" ind1=" " ind2="7">
    <subfield code="a">Slovakia</subfield>
    <subfield code="2">SNKPHeng</subfield>
    <subfield code="9">1614</subfield>
  </datafield>
  <datafield tag="655" ind1=" " ind2="7">
    <subfield code="a">autobiografick&#xE9; spomienky</subfield>
    <subfield code="2">SNKPH</subfield>
    <subfield code="9">2024</subfield>
  </datafield>
  <datafield tag="655" ind1=" " ind2="7">
    <subfield code="a">Autobiographical reminiscences</subfield>
    <subfield code="2">SNKPHeng</subfield>
    <subfield code="9">2025</subfield>
  </datafield>
  <datafield tag="700" ind1="1" ind2=" ">
    <subfield code="a">Kilian, Andreas,</subfield>
    <subfield code="d">1974-</subfield>
    <subfield code="4">aft</subfield>
    <subfield code="9">3562</subfield>
  </datafield>
  <datafield tag="700" ind1="1" ind2=" ">
    <subfield code="a">Li&#x10D;kov&#xE1;, Marta,</subfield>
    <subfield code="d">1926-</subfield>
    <subfield code="4">trl</subfield>
    <subfield code="9">3563</subfield>
  </datafield>
  <datafield tag="700" ind1="1" ind2=" ">
    <subfield code="a">Blehov&#xE1;, Marta</subfield>
    <subfield code="4">trl</subfield>
    <subfield code="9">3564</subfield>
  </datafield>
  <datafield tag="958" ind1=" " ind2=" ">
    <subfield code="a">OND</subfield>
  </datafield>
  <datafield tag="958" ind1=" " ind2=" ">
    <subfield code="a">LX</subfield>
  </datafield>
  <datafield tag="958" ind1=" " ind2=" ">
    <subfield code="a">UP</subfield>
  </datafield>
  <datafield tag="952" ind1=" " ind2=" ">
    <subfield code="0">0</subfield>
    <subfield code="1">0</subfield>
    <subfield code="2">udc</subfield>
    <subfield code="4">0</subfield>
    <subfield code="7">0</subfield>
    <subfield code="8">K</subfield>
    <subfield code="a">10000</subfield>
    <subfield code="b">10000</subfield>
    <subfield code="d">2022-10-06</subfield>
    <subfield code="g">9.00</subfield>
    <subfield code="i">21712</subfield>
    <subfield code="l">2</subfield>
    <subfield code="m">1</subfield>
    <subfield code="o">B10523</subfield>
    <subfield code="p">B10523</subfield>
    <subfield code="r">2023-08-10</subfield>
    <subfield code="s">2023-05-15</subfield>
    <subfield code="w">2022-10-06</subfield>
    <subfield code="y">KLDO</subfield>
  </datafield>
</record>
